[Event "Skalica op-A"]
[Site "Skalica"]
[Date "2023.08.26"]
[Round "8"]
[White "Treybal, Dusan"]
[Black "Hrbek, Jachym"]
[Result "0-1"]
[WhiteElo "1953"]
[BlackElo "1872"]
[PlyCount "110"]
[EventDate "2023.08.19"]
[EventType "swiss"]
[EventRounds "9"]
[EventCountry "SVK"]
[SourceTitle "CBM 215 Extra"]
[Source "ChessBase"]
[SourceDate "2023.09.30"]
[SourceVersion "1"]
[SourceVersionDate "2023.09.30"]
[SourceQuality "1"]

1. e4 c5 2. Nf3 Nc6 3. d4 cxd4 4. Nxd4 Qb6 5. Nb3 Nf6 6. Nc3 e6 7. Be3 Qc7 8. a3 a6 9. f4 d6 10. Be2 b5 11. 0-0 Be7 12. Qe1 Bb7 13. Qg3 b4 14. axb4 Nxb4 15. Bd3 Nxd3 16. cxd3 0-0 17. Rfc1 Qd7 18. Ra5 h6 19. f5 Kh7 20. fxe6 fxe6 21. Nd4 Bd8 22. Raa1 Bb6 23. Rf1 Qe7 24. Kh1 Nd7 25. Nde2 Bxe3 26. Qxe3 Rf6 27. Rxf6 Qxf6 28. Kg1 Rf8 29. Ng3 Qh4 30. Rf1 Rxf1+ 31. Nxf1 Ne5 32. h3 Qd8 33. Kh2 Qh4 34. Qd4 Qf4+ 35. Kg1 a5 36. Ne2 Qf8 37. Qe3 Ba6 38. d4 Nd3 39. b3 Qb8 40. Nd2 e5 41. dxe5 dxe5 42. Ng3 Qb4 43. Nf5 Qc5 44. Qxc5 Nxc5 45. Kf2 Bd3 46. Ke3 Bc2 47. Nc4 Bxe4 48. Nh4 g5 49. Nf3 Bxf3 50. Kxf3 Nxb3 51. Nxe5 a4 52. Nc4 Nd4+ 53. Ke4 Nc2 54. Nd2 a3 55. Nb3 a2 0-1

[Event "Skalica op-A"]
[Site "Skalica"]
[Date "2023.08.23"]
[Round "5"]
[White "Treybal, Dusan"]
[Black "Bochnickova, Simona"]
[Result "0-1"]
[WhiteElo "1953"]
[BlackElo "2063"]
[PlyCount "150"]
[EventDate "2023.08.19"]
[EventType "swiss"]
[EventRounds "9"]
[EventCountry "SVK"]
[SourceTitle "CBM 215 Extra"]
[Source "ChessBase"]
[SourceDate "2023.09.30"]
[SourceVersion "1"]
[SourceVersionDate "2023.09.30"]
[SourceQuality "1"]

1. e4 c5 2. Nf3 d6 3. d4 cxd4 4. Nxd4 Nf6 5. Nc3 a6 6. Be2 e6 7. Be3 Be7 8. Nb3 b5 9. a3 Bb7 10. f3 0-0 11. 0-0 Nbd7 12. Qe1 d5 13. exd5 Nxd5 14. Nxd5 Bxd5 15. Nd4 Qc7 16. Rd1 Rac8 17. Qf2 Nf6 18. Rfe1 Bb7 19. Qg3 Qxg3 20. hxg3 Nd5 21. Bf2 Rfd8 22. c3 Bf6 23. Bd3 Rd7 24. f4 Rcd8 25. Bc2 h6 26. Nb3 Rc7 27. Nc5 Bc8 28. Bb3 Be7 29. Nd3 Bb7 30. Nb4 Nf6 31. Bb6 Rxd1 32. Rxd1 Rd7 33. Rxd7 Nxd7 34. Bf2 Nc5 35. Bd1 a5 36. Nc2 Nd3 37. b4 axb4 38. axb4 Nxf2 39. Kxf2 Bf6 40. Nd4 Bxd4+ 41. cxd4 Kf8 42. Be2 Bc6 43. Ke3 Ke7 44. d5 Bxd5 45. Bxb5 Bxg2 46. Kd4 Kd6 47. Be8 f6 48. Bf7 Bd5 49. Be8 g5 50. Bg6 Bf3 51. Be8 gxf4 52. gxf4 h5 53. Ke3 Bg4 54. Bb5 h4 55. Bf1 Kc6 56. Kf2 Kc7 57. Kg2 Kb6 58. Kf2 e5 59. fxe5 fxe5 60. Ke3 Bf5 61. Kf2 Bg4 62. Ke3 Bf5 63. Kf3 Kc7 64. Kf2 Kd6 65. Ke3 Bg4 66. Bg2 h3 67. Bh1 Be6 68. Kf2 Bd5 69. Bxd5 Kxd5 70. Kg3 Kc4 71. Kxh3 Kxb4 72. Kg2 Kc3 73. Kf3 Kd3 74. Kf2 e4 75. Ke1 Ke3 0-1

[Event "Skalica op-A"]
[Site "Skalica"]
[Date "2023.08.20"]
[Round "2"]
[White "Treybal, Dusan"]
[Black "Mladek, Richard"]
[Result "0-1"]
[WhiteElo "1953"]
[BlackElo "2368"]
[PlyCount "68"]
[EventDate "2023.08.19"]
[EventType "swiss"]
[EventRounds "9"]
[EventCountry "SVK"]
[SourceTitle "CBM 215 Extra"]
[Source "ChessBase"]
[SourceDate "2023.09.30"]
[SourceVersion "1"]
[SourceVersionDate "2023.09.30"]
[SourceQuality "1"]

1. e4 c5 2. Nf3 d6 3. d4 cxd4 4. Nxd4 Nf6 5. Nc3 a6 6. Bc4 e6 7. Bb3 b5 8. f4 Bb7 9. 0-0 b4 10. Na4 Bxe4 11. Be3 d5 12. f5 Qd6 13. fxe6 fxe6 14. c4 Nbd7 15. c5 Qe7 16. Nc6 Qf7 17. Nb6 Nxb6 18. cxb6 Bd6 19. Bd4 0-0 20. Ne5 Qb7 21. Rc1 Bxe5 22. Bxe5 Qxb6+ 23. Kh1 Qe3 24. Bf4 Qh3 25. Qe2 Qg4 26. Qd2 Qg6 27. Bd1 Rf7 28. Bf3 a5 29. Rc6 Bxf3 30. gxf3 Qf5 31. Qe3 Re8 32. Bg3 Ne4 33. Kg2 Ng5 34. Rc7 h5 0-1

[Event "SVK-chT1E 2223"]
[Site "Slovakia"]
[Date "2023.03.11"]
[Round "10.3"]
[White "Treybal, Dusan"]
[Black "Straka, Jozef1111"]
[Result "1/2-1/2"]
[WhiteElo "1948"]
[BlackElo "2326"]
[PlyCount "127"]
[EventDate "2022.10.15"]
[EventType "team-tourn"]
[EventRounds "11"]
[EventCountry "SVK"]
[SourceTitle "EXT 2024"]
[Source "ChessBase"]
[SourceDate "2023.10.10"]
[SourceVersion "1"]
[SourceVersionDate "2023.10.10"]
[SourceQuality "1"]
[WhiteTeam "Kosice Slavia TU"]
[BlackTeam "Cadca"]
[WhiteTeamCountry "SVK"]
[BlackTeamCountry "SVK"]

1. e4 c6 2. d4 d5 3. Nd2 dxe4 4. Nxe4 Nf6 5. Nxf6+ exf6 6. Bc4 Bd6 7. Qe2+ Be7 8. Nf3 0-0 9. 0-0 Bd6 10. Re1 Na6 11. Bb3 Nc7 12. Bd2 Bg4 13. Qd3 Ne6 14. c3 Nc5 15. Qe3 Nxb3 16. axb3 Qd7 17. h3 Rae8 18. Qd3 Bf5 19. Qf1 Be4 20. Nh2 Bb8 21. f4 Qd5 22. b4 Qb3 23. Bc1 Re6 24. Ra3 Qd5 25. Be3 b5 26. Ng4 Rfe8 27. Ra5 h5 28. Nf2 Bxg2 29. Qxg2 Qxg2+ 30. Kxg2 Rxe3 31. Rxe3 Rxe3 32. Ra6 Bxf4 33. Rxc6 Rg3+ 34. Kf1 Be3 35. Ne4 Rxh3 36. d5 Bb6 37. Nc5 Rf3+ 38. Ke2 Rf5 39. d6 h4 40. d7 Rd5 41. Kf3 Kf8 42. Rc8+ Ke7 43. Re8+ Kd6 44. d8Q+ Bxd8 45. Rxd8+ Kc6 46. Rc8+ Kb6 47. Rh8 Rd2 48. Rxh4 Rxb2 49. Ke3 a5 50. Nd3 Rg2 51. bxa5+ Kxa5 52. Re4 Rg5 53. Nc1 Re5 54. Nb3+ Kb6 55. Kd4 Rxe4+ 56. Kxe4 Kc6 57. Kd4 g5 58. Ke4 g4 59. Kf4 f5 60. Nd4+ Kc5 61. Nxf5 Kc4 62. Nd6+ Kxc3 63. Nxb5+ Kb4 64. Nd6 1/2-1/2

[Event "Skalica op-A"]
[Site "Skalica"]
[Date "2022.08.28"]
[Round "9"]
[White "Valkova, Angelika"]
[Black "Treybal, Dusan"]
[Result "1-0"]
[WhiteElo "2075"]
[BlackElo "1947"]
[PlyCount "45"]
[EventDate "2022.08.20"]
[EventType "swiss"]
[EventRounds "9"]
[EventCountry "SVK"]
[SourceTitle "CBM 209 Extra"]
[Source "ChessBase"]
[SourceDate "2022.09.30"]
[SourceVersion "1"]
[SourceVersionDate "2022.09.30"]
[SourceQuality "1"]

1. d4 Nf6 2. c4 g6 3. Nc3 Bg7 4. e4 d6 5. h3 0-0 6. Be3 e5 7. d5 Nbd7 8. g4 Nc5 9. f3 a5 10. Qd2 Bd7 11. Nge2 Rb8 12. Ng3 Ne8 13. h4 f5 14. gxf5 gxf5 15. exf5 Bxf5 16. Bg5 Qd7 17. 0-0-0 Kh8 18. h5 Bf6 19. Be3 b6 20. Nxf5 Qxf5 21. Bh3 Qxf3 22. Rdf1 Qg3 23. Rfg1 1-0

[Event "Skalica op-A"]
[Site "Skalica"]
[Date "2022.08.26"]
[Round "7"]
[White "Sosovickova, Martina"]
[Black "Treybal, Dusan"]
[Result "0-1"]
[WhiteElo "1865"]
[BlackElo "1947"]
[PlyCount "170"]
[EventDate "2022.08.20"]
[EventType "swiss"]
[EventRounds "9"]
[EventCountry "SVK"]
[SourceTitle "CBM 209 Extra"]
[Source "ChessBase"]
[SourceDate "2022.09.30"]
[SourceVersion "1"]
[SourceVersionDate "2022.09.30"]
[SourceQuality "1"]

1. e4 e5 2. Nf3 Nc6 3. d4 exd4 4. Nxd4 Nf6 5. Nc3 Bb4 6. Nxc6 bxc6 7. Bd3 0-0 8. 0-0 Bxc3 9. bxc3 d5 10. exd5 cxd5 11. Bg5 h6 12. Bh4 Re8 13. Rb1 c5 14. Bb5 Re6 15. Re1 Rxe1+ 16. Qxe1 Be6 17. Bg3 Rc8 18. Ba6 Rc6 19. Rb8 Qxb8 20. Bxb8 Rxa6 21. f3 Rxa2 22. Qb1 Ra4 23. Bxa7 Nd7 24. Bb8 Rc4 25. Qb2 d4 26. Bg3 Rxc3 27. Be1 Rc4 28. g4 Nf6 29. c3 Nd5 30. cxd4 g5 31. h3 cxd4 32. Qb8+ Kh7 33. h4 Rc1 34. Qe5 Nf4 35. Kh2 Rc2+ 36. Kh1 Re2 37. Qa5 Bd5 38. Bb4 Bxf3+ 39. Kg1 Rg2+ 40. Kf1 Be2+ 41. Ke1 Rg1+ 42. Kd2 Rd1+ 43. Kc2 d3+ 44. Kb2 Bxg4 45. hxg5 Be6 46. Bc3 Nd5 47. Bd4 hxg5 48. Qd8 Kg6 49. Qg8+ Kf5 50. Qh7+ Kg4 51. Qh2 Nf4 52. Be3 Rf1 53. Bd2 Rf3 54. Qg1+ Rg3 55. Qd1+ Kf5 56. Qa4 Rf3 57. Qd4 g4 58. Bc3 g3 59. Qe5+ Kg4 60. Qg7+ Ng6 61. Qd4+ Kh3 62. Be1 Kh2 63. Qe4 g2 64. Qxf3 g1Q 65. Bf2 Qg2 66. Qh5+ Bh3 67. Qc5 Qf3 68. Bg1+ Kg2 69. Be3 Kh1 70. Kc3 Bf1 71. Qg5 Qg2 72. Qh5+ Qh3 73. Qg5 Qg2 74. Qh5+ Qh2 75. Qd5+ Bg2 76. Qxd3 Qc7+ 77. Kb2 Qb7+ 78. Kc3 Qc6+ 79. Kb2 Qe4 80. Qd1+ Kh2 81. Qh5+ Bh3 82. Qe2+ Qg2 83. Bf2 Nf4 84. Qd2 Nd3+ 85. Qxd3 Qxf2+ 0-1

[Event "Skalica op-A"]
[Site "Skalica"]
[Date "2022.08.25"]
[Round "6"]
[White "Treybal, Dusan"]
[Black "Rosol, Alexander"]
[Result "0-1"]
[WhiteElo "1947"]
[BlackElo "2021"]
[PlyCount "72"]
[EventDate "2022.08.20"]
[EventType "swiss"]
[EventRounds "9"]
[EventCountry "SVK"]
[SourceTitle "CBM 209 Extra"]
[Source "ChessBase"]
[SourceDate "2022.09.30"]
[SourceVersion "1"]
[SourceVersionDate "2022.09.30"]
[SourceQuality "1"]

1. e4 d6 2. Nf3 Nf6 3. Nc3 e5 4. d4 Nbd7 5. Bc4 Be7 6. 0-0 c6 7. a4 0-0 8. Ba2 a5 9. Re1 h6 10. h3 Re8 11. Be3 exd4 12. Nxd4 Bf8 13. Nf5 Ne5 14. Ng3 Be6 15. f4 Nc4 16. Bxc4 Bxc4 17. f5 d5 18. Bd4 Nxe4 19. Ncxe4 dxe4 20. b3 Ba6 21. Nxe4 Qd5 22. c4 Qxf5 23. Ng3 Qf4 24. Bf2 Rad8 25. Qf3 Qxf3 26. gxf3 Rxe1+ 27. Rxe1 Bb4 28. Re3 b5 29. cxb5 cxb5 30. Nf5 Kf8 31. Re5 bxa4 32. bxa4 g6 33. Nxh6 Rd1+ 34. Kg2 Bf1+ 35. Kh2 Kg7 36. Be3 Bd6 0-1

[Event "Skalica op-A"]
[Site "Skalica"]
[Date "2022.08.23"]
[Round "4"]
[White "Krupa, Miroslav"]
[Black "Treybal, Dusan"]
[Result "1-0"]
[WhiteElo "2217"]
[BlackElo "1947"]
[PlyCount "61"]
[EventDate "2022.08.20"]
[EventType "swiss"]
[EventRounds "9"]
[EventCountry "SVK"]
[SourceTitle "CBM 209 Extra"]
[Source "ChessBase"]
[SourceDate "2022.09.30"]
[SourceVersion "1"]
[SourceVersionDate "2022.09.30"]
[SourceQuality "1"]

1. e4 e5 2. Bc4 Nf6 3. Nc3 Bc5 4. Nf3 Nc6 5. d3 d6 6. Na4 h6 7. c3 Qe7 8. b4 Bb6 9. h3 0-0 10. 0-0 Be6 11. Bxe6 fxe6 12. Nxb6 axb6 13. Re1 Qf7 14. Be3 Nh5 15. d4 exd4 16. Nxd4 Rae8 17. Nxc6 bxc6 18. a4 Ra8 19. a5 bxa5 20. bxa5 Ra6 21. e5 c5 22. Ra4 dxe5 23. Bxc5 Rfa8 24. Rxe5 Nf6 25. Bd4 Qd7 26. Ra1 Nd5 27. c4 Nb4 28. Bc3 Qxd1+ 29. Rxd1 Nc6 30. Rxe6 Nxa5 31. Rxa6 1-0

[Event "SVK-chT2D 2122"]
[Site "Slovakia"]
[Date "2022.04.30"]
[Round "10.5"]
[White "Stromp, Julius"]
[Black "Treybal, Dusan"]
[Result "0-1"]
[WhiteElo "1934"]
[BlackElo "1939"]
[PlyCount "50"]
[EventDate "2021.10.16"]
[EventType "team-tourn"]
[EventRounds "11"]
[EventCountry "SVK"]
[SourceTitle "EXT 2023"]
[Source "ChessBase"]
[SourceDate "2022.10.05"]
[SourceVersion "1"]
[SourceVersionDate "2022.10.05"]
[SourceQuality "1"]
[WhiteTeam "Spisska Nova Ves"]
[BlackTeam "Kosice 1 CC"]
[WhiteTeamCountry "SVK"]
[BlackTeamCountry "SVK"]

1. e4 e5 2. Nf3 Nc6 3. Bc4 Nf6 4. d3 Bc5 5. Nc3 d6 6. Bg5 h6 7. Bh4 Be6 8. Bxf6 Qxf6 9. Nd5 Bxd5 10. Bxd5 0-0 11. 0-0 Ne7 12. Bb3 Ng6 13. g3 Rfe8 14. h4 Rad8 15. h5 Nf8 16. Kg2 c6 17. Nh4 d5 18. Qe2 Ne6 19. c3 Qg5 20. Kh3 dxe4 21. dxe4 Rd2 22. Qf3 Red8 23. Rad1 R8d3 24. Qf5 Nf4+ 25. Kh2 Qxg3+ 0-1

[Event "SVK-chT2D 2122"]
[Site "Slovakia"]
[Date "2021.11.13"]
[Round "3.7"]
[White "Kovac, Stefan"]
[Black "Treybal, Dusan"]
[Result "0-1"]
[WhiteElo "1722"]
[BlackElo "1943"]
[PlyCount "101"]
[EventDate "2021.10.16"]
[EventType "team-tourn"]
[EventRounds "11"]
[EventCountry "SVK"]
[SourceTitle "EXT 2023"]
[Source "ChessBase"]
[SourceDate "2022.10.05"]
[SourceVersion "1"]
[SourceVersionDate "2022.10.05"]
[SourceQuality "1"]
[WhiteTeam "Michalovce Zemplin II"]
[BlackTeam "Kosice 1 CC"]
[WhiteTeamCountry "SVK"]
[BlackTeamCountry "SVK"]

1. c4 Nf6 2. Nc3 g6 3. d4 Bg7 4. Nf3 0-0 5. e4 d6 6. h3 c6 7. Be2 e5 8. d5 cxd5 9. cxd5 Nbd7 10. 0-0 Nc5 11. Bd3 Bd7 12. Be3 Rc8 13. Rc1 a5 14. a3 a4 15. Bxc5 Rxc5 16. Ne2 Qa5 17. Rxc5 Qxc5 18. Qc2 Qb6 19. Qd2 Nh5 20. Rc1 Nf4 21. Nxf4 Bh6 22. Rc2 Bxf4 23. Qe2 f5 24. Kh1 fxe4 25. Bxe4 Bh6 26. g4 Rf4 27. g5 Bf8 28. Ng1 Qd8 29. Bg2 Qxg5 30. Rc7 Bf5 31. Rxb7 Qh4 32. Nf3 Qh5 33. Ng1 Qxe2 34. Nxe2 Rxf2 35. Nc3 Rf4 36. b4 axb3 37. Rxb3 Rc4 38. Nb5 Rc1+ 39. Kh2 Bh6 40. Kg3 Bf4+ 41. Kf2 Rc2+ 42. Kg1 e4 43. Nd4 Rc1+ 44. Kf2 Kf7 45. Ne2 Rc2 46. Rb4 Be5 47. Bxe4 Bxe4 48. Rxe4 Rd2 49. Rh4 h5 50. Rb4 Rxd5 51. a4 0-1

[Event "Skalica Masters op"]
[Site "Skalica"]
[Date "2020.08.28"]
[Round "7"]
[White "Treybal, Dusan"]
[Black "Skalka, Jan"]
[Result "1/2-1/2"]
[WhiteElo "1996"]
[BlackElo "1910"]
[PlyCount "35"]
[EventDate "2020.08.23"]
[EventType "swiss"]
[EventRounds "9"]
[EventCountry "SVK"]
[SourceTitle "CBM 198 Extra"]
[Source "ChessBase"]
[SourceDate "2020.11.30"]
[SourceVersion "1"]
[SourceVersionDate "2020.11.30"]
[SourceQuality "1"]

1. e4 c5 2. Nf3 Nc6 3. d4 cxd4 4. Nxd4 Nf6 5. Nc3 g6 6. Bc4 Bg7 7. Bb3 0-0 8. Be3 d6 9. f3 Bd7 10. Qd2 Nxd4 11. Bxd4 b5 12. a3 a6 13. 0-0 Rc8 14. Rad1 Bc6 15. Qe3 Qc7 16. Rfe1 Rfe8 17. Rd2 Nd7 18. Bxg7 1/2-1/2

[Event "Skalica Masters op"]
[Site "Skalica"]
[Date "2020.08.26"]
[Round "5"]
[White "Vylicil, Adam"]
[Black "Treybal, Dusan"]
[Result "1-0"]
[WhiteElo "1879"]
[BlackElo "1996"]
[PlyCount "79"]
[EventDate "2020.08.23"]
[EventType "swiss"]
[EventRounds "9"]
[EventCountry "SVK"]
[SourceTitle "CBM 198 Extra"]
[Source "ChessBase"]
[SourceDate "2020.11.30"]
[SourceVersion "1"]
[SourceVersionDate "2020.11.30"]
[SourceQuality "1"]

1. d4 Nf6 2. c4 g6 3. h4 Bg7 4. Nc3 0-0 5. e4 d6 6. Be2 c5 7. d5 e6 8. h5 exd5 9. exd5 Re8 10. Kf1 a6 11. a4 Nbd7 12. Bg5 Qc7 13. Qd2 Ne4 14. Nxe4 Rxe4 15. Bd3 Rd4 16. Nf3 Ne5 17. Nxd4 cxd4 18. Re1 Bd7 19. hxg6 fxg6 20. b3 Rf8 21. Be2 Bf5 22. Bh6 Bxh6 23. Rxh6 d3 24. Bd1 Qf7 25. Kg1 Bd7 26. a5 Qf6 27. f3 Nf7 28. Rh1 Qd4+ 29. Kh2 Ne5 30. Rhf1 Rf5 31. Re4 Qc5 32. f4 Nf7 33. Bg4 Nh6 34. Bxf5 Bxf5 35. Ree1 Qc8 36. Rf3 Qd8 37. g3 Ng4+ 38. Kg2 h5 39. Rxd3 h4 40. gxh4 1-0

[Event "SVK-chT2D 1920"]
[Site "Slovakia"]
[Date "2020.01.26"]
[Round "7.5"]
[White "Treybal, Dusan"]
[Black "Hennel, Karol"]
[Result "1/2-1/2"]
[WhiteElo "1992"]
[BlackElo "1982"]
[PlyCount "48"]
[EventDate "2019.10.26"]
[EventType "team-tourn"]
[EventRounds "11"]
[EventCountry "SVK"]
[SourceTitle "CBM 194 Extra"]
[Source "ChessBase"]
[SourceDate "2020.03.31"]
[SourceVersion "1"]
[SourceVersionDate "2020.03.31"]
[SourceQuality "1"]
[WhiteTeam "Gelnica Slovan"]
[BlackTeam "Kezmarok"]
[WhiteTeamCountry "SVK"]
[BlackTeamCountry "SVK"]

1. e4 e5 2. Nc3 Nf6 3. Bc4 Nxe4 4. Qh5 Nd6 5. Bb3 Be7 6. Nf3 Nc6 7. Nxe5 Nxe5 8. Qxe5 0-0 9. 0-0 Bf6 10. Qf4 Bg5 11. Qf3 Qf6 12. Qxf6 Bxf6 13. Nd5 Bd8 14. d3 c6 15. Ne3 Nb5 16. c3 d5 17. d4 f5 18. f3 a5 19. Bc2 Bb6 20. a4 Nd6 21. b3 f4 22. Ba3 Rf6 23. Bxd6 Rxd6 24. Nf5 Bxf5 1/2-1/2

[Event "SVK-chT1E 1920"]
[Site "Slovakia"]
[Date "2019.10.12"]
[Round "1.8"]
[White "Vojtko, Marek"]
[Black "Treybal, Dusan"]
[Result "1/2-1/2"]
[WhiteElo "1936"]
[BlackElo "1980"]
[PlyCount "131"]
[EventDate "2019.10.12"]
[EventType "team-tourn"]
[EventRounds "11"]
[EventCountry "SVK"]
[SourceTitle "CBM 193 Extra"]
[Source "ChessBase"]
[SourceDate "2020.01.31"]
[SourceVersion "1"]
[SourceVersionDate "2020.01.31"]
[SourceQuality "1"]
[WhiteTeam "Sabinov"]
[BlackTeam "Kosice 1 CC"]
[WhiteTeamCountry "SVK"]
[BlackTeamCountry "SVK"]

1. d4 Nf6 2. Bg5 d5 3. e3 e6 4. Nd2 Nbd7 5. Bd3 c5 6. c3 Be7 7. f4 b6 8. Ngf3 Bb7 9. 0-0 Ne4 10. Bxe7 Qxe7 11. Bxe4 dxe4 12. Ng5 f5 13. Qb3 Bd5 14. c4 Bb7 15. d5 Nf8 16. Rad1 0-0-0 17. Nb1 h6 18. Nh3 Nh7 19. a4 exd5 20. cxd5 Ba6 21. Rfe1 Nf6 22. Na3 Rd6 23. Nc4 Bxc4 24. Qxc4 Rhd8 25. a5 Rxd5 26. Ra1 Qb7 27. axb6 axb6 28. Qb5 Kc7 29. Nf2 Ra8 30. h3 Nd7 31. b4 cxb4 32. Qxb4 Raa5 33. Qc3+ Rdc5 34. Qxg7 Qc6 35. Rad1 Rd5 36. Qf7 Qf6 37. Qxd5 Rxd5 38. Rxd5 Qc3 39. Rdd1 Nc5 40. g4 Qf6 41. Rd4 Kc6 42. Rc1 Qg7 43. Kh2 Qf6 44. gxf5 Qxf5 45. Nxe4 Qh5 46. Rc3 Qf3 47. Kg1 Kb5 48. Nd6+ Kc6 49. h4 Qg3+ 50. Kf1 Qxh4 51. f5 Qh3+ 52. Ke1 Qg3+ 53. Kd2 Qf2+ 54. Kd1 Qf1+ 55. Kc2 Kd7 56. Ne4+ Ke7 57. Nxc5 bxc5 58. Re4+ Kf6 59. Rxc5 Qe2+ 60. Kb3 Qd1+ 61. Kb4 Qd2+ 62. Kc4 Qe2+ 63. Kd4 Qb2+ 64. Kc4 Qc2+ 65. Kd4 Qd2+ 66. Kc4 1/2-1/2

[Event "SVK-chT2D 1718"]
[Site "Slovakia"]
[Date "2018.02.25"]
[Round "9.3"]
[White "Pcola, Jaroslav1111"]
[Black "Treybal, Dusan"]
[Result "1/2-1/2"]
[WhiteElo "2100"]
[BlackElo "2097"]
[PlyCount "67"]
[EventDate "2017.10.28"]
[EventType "team-tourn"]
[EventRounds "11"]
[EventCountry "SVK"]
[SourceTitle "EXT 2019"]
[Source "ChessBase"]
[SourceDate "2018.10.10"]
[SourceVersion "1"]
[SourceVersionDate "2018.10.10"]
[SourceQuality "1"]
[WhiteTeam "Humenne Reinter"]
[BlackTeam "Kosice 1 CC"]
[WhiteTeamCountry "SVK"]
[BlackTeamCountry "SVK"]

1. e4 e5 2. Nf3 Nc6 3. Bc4 Nf6 4. Ng5 d5 5. exd5 Na5 6. Bb5+ c6 7. dxc6 bxc6 8. Bd3 h6 9. Ne4 Nxe4 10. Bxe4 Bd6 11. 0-0 0-0 12. Re1 f5 13. Bd3 Qf6 14. Nc3 Bb7 15. b3 Rad8 16. Bb2 e4 17. Bf1 c5 18. Rb1 Qg6 19. d3 exd3 20. cxd3 Nc6 21. Nb5 Bb8 22. Qe2 a6 23. Na3 Rfe8 24. Qf3 Rxe1 25. Rxe1 Rd7 26. Qe3 Re7 27. Qc1 Qd6 28. f4 Rxe1 29. Qxe1 Qxf4 30. g3 Qf3 31. Bg2 Ne5 32. Bxf3 Nxf3+ 33. Kf2 Nxe1 34. Kxe1 1/2-1/2

[Event "Banska Stiavnica V4 op"]
[Site "Banska Stiavnica"]
[Date "2017.07.13"]
[Round "6"]
[White "Treybal, Dusan"]
[Black "Movsesian, Julia"]
[Result "1/2-1/2"]
[WhiteElo "2125"]
[BlackElo "2300"]
[PlyCount "97"]
[EventDate "2017.07.08"]
[EventType "swiss"]
[EventRounds "9"]
[EventCountry "SVK"]
[SourceTitle "CBM 179 Extra"]
[Source "ChessBase"]
[SourceDate "2017.08.23"]
[SourceVersion "1"]
[SourceVersionDate "2017.08.23"]
[SourceQuality "1"]

1. e4 c5 2. Nf3 Nc6 3. d4 cxd4 4. Nxd4 e5 5. Nb5 d6 6. N1c3 a6 7. Na3 Be7 8. Nc4 Nf6 9. Bg5 0-0 10. Bxf6 Bxf6 11. Be2 Nd4 12. 0-0 Be6 13. Ne3 Rc8 14. Bd3 Bg5 15. Ncd5 Kh8 16. c3 Nc6 17. Qe2 Ne7 18. Bc4 Ng6 19. g3 Bxe3 20. Nxe3 Bxc4 21. Nxc4 f5 22. Rad1 Rc6 23. exf5 Rxf5 24. Ne3 Rf8 25. Qg4 Qe8 26. Qe4 Qf7 27. a3 Qf6 28. Rd2 Ne7 29. Rfd1 h6 30. Kg2 Qf7 31. f3 Qf6 32. a4 Rfc8 33. c4 Ng8 34. b4 Qe6 35. b5 axb5 36. cxb5 Rc3 37. Rxd6 Qb3 38. R6d3 Rxd3 39. Rxd3 Qa2+ 40. Kh3 Nf6 41. Qxb7 Qe6+ 42. g4 Nh5 43. Kh4 g5+ 44. Kxh5 Rg8 45. Qe4 Qf7+ 46. Kxh6 Qf8+ 47. Kh5 Qf7+ 48. Kh6 Qf8+ 49. Kh5 1/2-1/2

[Event "Banska Stiavnica V4 op"]
[Site "Banska Stiavnica"]
[Date "2017.07.10"]
[Round "3"]
[White "Spik, Peter"]
[Black "Treybal, Dusan"]
[Result "0-1"]
[WhiteElo "1995"]
[BlackElo "2125"]
[PlyCount "112"]
[EventDate "2017.07.08"]
[EventType "swiss"]
[EventRounds "9"]
[EventCountry "SVK"]
[SourceTitle "CBM 179 Extra"]
[Source "ChessBase"]
[SourceDate "2017.08.23"]
[SourceVersion "1"]
[SourceVersionDate "2017.08.23"]
[SourceQuality "1"]

1. d4 Nf6 2. Nf3 g6 3. g3 Bg7 4. Bg2 0-0 5. 0-0 d6 6. Re1 Nbd7 7. e4 e5 8. c3 c6 9. Nbd2 Qc7 10. Nf1 b5 11. Qc2 Bb7 12. b3 Rfe8 13. dxe5 dxe5 14. Bb2 Nc5 15. Ba3 Bf8 16. b4 Ne6 17. Rad1 a5 18. Qb3 c5 19. bxc5 Nxe4 20. N3d2 N4xc5 21. Qxb5 Bxg2 22. Kxg2 Rab8 23. Qc4 Bg7 24. Ne3 Red8 25. Bxc5 Qxc5 26. Ne4 Qxc4 27. Nxc4 f5 28. Rxd8+ Rxd8 29. Ned6 e4 30. Rc1 Nc5 31. Rc2 Kf8 32. Nb5 a4 33. Ne3 Rd3 34. c4 Kf7 35. Kf1 Be5 36. Ke2 Ke6 37. Nd5 g5 38. Nb4 f4 39. Rc1 Rd7 40. Rd1 Rxd1 41. Kxd1 Kf5 42. Ke2 Kg4 43. Nc6 Bb2 44. Nd6 Kh3 45. Nf7 Bf6 46. Nce5 Bxe5 47. Nxe5 Kxh2 48. g4 Kh3 49. f3 e3 50. Nf7 Ne6 51. c5 Kg2 52. c6 Nd4+ 53. Kd3 Nxc6 54. Nxg5 h6 55. Nf7 Kxf3 56. Nxh6 e2 0-1

[Event "SVK-chT2D 1112"]
[Site "Slovakia"]
[Date "2012.02.25"]
[Round "10.4"]
[White "Treybal, Dusan"]
[Black "Belis, Rudolf"]
[Result "0-1"]
[WhiteElo "2153"]
[BlackElo "2099"]
[PlyCount "66"]
[EventDate "2011.10.08"]
[EventType "team-tourn"]
[EventRounds "11"]
[EventCountry "SVK"]
[SourceTitle "EXT 2013"]
[Source "ChessBase"]
[SourceDate "2012.11.22"]
[SourceVersion "1"]
[SourceVersionDate "2012.11.22"]
[SourceQuality "1"]
[WhiteTeam "Kosice Slavia TU IV"]
[BlackTeam "Presov Tatran Dason"]
[WhiteTeamCountry "SVK"]
[BlackTeamCountry "SVK"]

1. e4 c5 2. Nf3 a6 3. c3 d5 4. exd5 Nf6 5. d4 cxd4 6. cxd4 Nxd5 7. Nc3 Nc6 8. Bc4 e6 9. 0-0 Be7 10. Qd3 b5 11. Bxd5 Nb4 12. Bc6+ Nxc6 13. Bf4 Bb7 14. a3 0-0 15. Rfd1 b4 16. Ne4 Qd5 17. Nc5 e5 18. Nxb7 exf4 19. Rac1 bxa3 20. bxa3 Nb4 21. axb4 Qxb7 22. Rb1 Bxb4 23. Ng5 g6 24. Qh3 h5 25. Qh4 Qe7 26. Qxf4 a5 27. Nf3 a4 28. Qh6 Rfb8 29. Ng5 Qf6 30. Ne4 Qg7 31. Qf4 a3 32. Nf6+ Kh8 33. Rd3 Bd6 0-1

[Event "SVK-chT2D 1112"]
[Site "Slovakia"]
[Date "2012.01.07"]
[Round "7.4"]
[White "Treybal, Dusan"]
[Black "Zigo, Pavol"]
[Result "1-0"]
[WhiteElo "2153"]
[BlackElo "1837"]
[PlyCount "154"]
[EventDate "2011.10.08"]
[EventType "team-tourn"]
[EventRounds "11"]
[EventCountry "SVK"]
[SourceTitle "EXT 2013"]
[Source "ChessBase"]
[SourceDate "2012.11.22"]
[SourceVersion "1"]
[SourceVersionDate "2012.11.22"]
[SourceQuality "1"]
[WhiteTeam "Kosice Slavia TU IV"]
[BlackTeam "Kosice Slavia TU"]
[WhiteTeamCountry "SVK"]
[BlackTeamCountry "SVK"]

1. e4 e5 2. Nc3 Nf6 3. Bc4 Bc5 4. d3 0-0 5. f4 exf4 6. Bxf4 d6 7. Nf3 Be6 8. Bb3 Bxb3 9. axb3 c6 10. Qd2 Nbd7 11. Na4 b5 12. Nxc5 Nxc5 13. 0-0 Ne6 14. Bg3 Qb6+ 15. Kh1 c5 16. e5 dxe5 17. Nxe5 Qb7 18. Rxf6 gxf6 19. Ng4 Rfe8 20. Nxf6+ Kh8 21. Be5 Rg8 22. Nxg8+ Kxg8 23. Qh6 Qe7 24. Rf1 Qg5 25. Qxg5+ Nxg5 26. Rf5 Ne6 27. Bd6 Rc8 28. Kg1 Kg7 29. Kf1 Kg6 30. Rd5 a6 31. Be5 Rc6 32. c3 h5 33. Ke2 f6 34. Bg3 h4 35. Bb8 Rc8 36. Bd6 Re8 37. Kd2 Rc8 38. b4 c4 39. dxc4 Rxc4 40. h3 Rc8 41. b3 Rg8 42. Kc2 Kf7 43. Rd2 Rg6 44. c4 Ng5 45. Re2 Ne6 46. Kd3 Rg5 47. Ke4 f5+ 48. Ke5 f4+ 49. Ke4 Rg3 50. Rb2 Re3+ 51. Kf5 f3 52. gxf3 Rxf3+ 53. Kg4 Rd3 54. c5 Rd4+ 55. Kf5 Rd5+ 56. Be5 Ke7 57. Ke4 Rd1 58. Ra2 Ng5+ 59. Kf5 Nxh3 60. Rxa6 Rf1+ 61. Kg4 Nf2+ 62. Kxh4 Nd3 63. Bd6+ Kd7 64. Rb6 Nxb4 65. Rxb5 Nc6 66. Rb7+ Ke6 67. b4 Nd4 68. Kg4 Nf5 69. Bf4 Nd4 70. b5 Rg1+ 71. Kh3 Ne2 72. Bh2 Rg5 73. c6 Rh5+ 74. Kg2 Rg5+ 75. Kf2 Nc3 76. c7 Kd7 77. Rb8 Rf5+ 1-0